000 00757mam a2200241 a 4500
008
020 _a1857151224(hbk.)
049 _aMAIN
050 0 0 _aPR4494
_bWIL
100 1 _aCollins, Wilkie.
245 1 4 _aThe moonstone /
_cWilkie Collins ; introduction Catherine Peters.
260 _aLondon :
_bDavid Campbell :
_bDistributed by Random House,
_c1992.
300 _axlviii, 473 p. ;
_c21 cm.
490 0 _aEveryman's library ;
_v122
651 0 _aGreat Britain
_xHistory
_y19th century
_xFiction.
651 0 _aIndia
_xHistory
_y19th century
_xFiction.
700 1 _aPeters, Catherine.
907 _a.b10185653
_b27-11-13
_c13-01-06
003
005 20230123134139.0
040 _cNUST
942 _cBOOKS
999 _c160867
_d160867